Active NBA stat leaders - Statistics

General Stats
  • This quiz has been taken 231 times
    33 since last reset
  • The average score is 41 of 60
Answer Stats
# of stat Player % Correct
29,339 James Harden
100%
8,873 James Harden
100%
1,794 James Harden
100%
3,390 James Harden
100%
43,440 LeBron James
100%
12,095 LeBron James
100%
12,016 LeBron James
100%
2,417 LeBron James
100%
1,185 LeBron James
100%
2,636 LeBron James
100%
26,528 Stephen Curry
100%
6,743 Stephen Curry
100%
1,602 Stephen Curry
100%
4,248 Stephen Curry
100%
32,597 Kevin Durant
96%
1,344 Kevin Durant
96%
2,377 Kevin Durant
96%
27,176 Russell Westbrook
96%
9,025 Russell Westbrook
96%
10,351 Russell Westbrook
96%
2,038 Russell Westbrook
96%
26,711 DeMar DeRozan
82%
21,531 Giannis Antetokounmpo
79%
8,977 Nikola Jokic
79%
6,080 Nikola Jokic
79%
22,598 Damian Lillard
71%
6,069 Damian Lillard
71%
2,804 Damian Lillard
71%
19.385 Anthony Davis
68%
1,848 Anthony Davis
68%
2,899 Klay Thompson
64%
5,324 Draymond Green
61%
7,110 Kyle Lowry
61%
1,501 Kyle Lowry
61%
2,209 Kyle Lowry
61%
19,338 Paul George
61%
1,601 Paul George
61%
2,449 Paul George
61%
10,572 Rudy Gobert
57%
1,842 Rudy Gobert
57%
11,513 Andre Drummond
54%
1,197 Andre Drummond
54%
2,147 Brook Lopez
54%
1,455 Jimmy Butler
54%
1,377 Kawhi Leonard
54%
10,861 DeAndre Jordan
50%
1,577 DeAndre Jordan
50%
9,163 Al Horford
43%
1,351 Al Horford
43%
10,707 Nikola Vucevic
43%
9,052 Jonas Valanciunas
39%
1,527 Myles Turner
36%
6,762 Jrue Holiday
32%
1,527 Jrue Holiday
32%
9,712 Kevin Love
32%
6,782 Mike Conley
32%
1,638 Mike Conley
32%
2,201 Buddy Hield
25%
2,180 CJ McCollum
25%
1,102 Bismack Biyombo
7%
No matching quizzes found
Score Distribution
Percent of People with Each Score
Percentile by Number Answered
Your Score History
You have not taken this quiz since the last reset